Human-computer interaction / (Record no. 167)

MARC details
000 -LEADER
fixed length control field 00731nac a22001811u 4500
090 ## - LOCALLY ASSIGNED LC-TYPE CALL NUMBER (OCLC); LOCAL CALL NUMBER (OCLC)
-- 167
008 - FIXED-LENGTH DATA ELEMENTS--GENERAL INFORMATION
fixed length control field 081214t1995 xxu||||| |||| 00| 0 eng d
010 ## - LIBRARY OF CONGRESS CONTROL NUMBER
LC control number 94016158
020 ## - INTERNATIONAL STANDARD BOOK NUMBER
International Standard Book Number 0201627698
082 00 - DEWEY DECIMAL CLASSIFICATION NUMBER
Classification number 004.019
Item number P9236
100 ## - MAIN ENTRY--PERSONAL NAME
Personal name Preece, Jenny,
245 10 - TITLE STATEMENT
Title Human-computer interaction /
Statement of responsibility, etc Jenny Preece [with] Yvonne Rogers ... [et al.].
260 ## - PUBLICATION, DISTRIBUTION, ETC. (IMPRINT)
Place of publication, distribution, etc Wokingham, England ;
-- Reading, Mass. :
Name of publisher, distributor, etc Addison-Wesley Pub. Co.
Date of publication, distribution, etc 1995.
300 ## - PHYSICAL DESCRIPTION
Extent xxxviii, 775 p. :
Other physical details ill. (some col.) ;
Dimensions 25 cm.
650 #0 - SUBJECT ADDED ENTRY--TOPICAL TERM
Topical term or geographic name as entry element Human-computer interaction.
942 ## - ADDED ENTRY ELEMENTS (KOHA)
Item type Book - Borrowing
Call number prefix 004.019P9236
Source of classification or shelving scheme Dewey Decimal Classification
Holdings
Withdrawn status Item status Damaged status Not for loan Home library Current library Shelving location Date acquired Source of acquisition Total Checkouts Full call number Barcode Date last seen Cost, replacement price Koha item type
        Central Library Central Library Lower Floor 06/02/2006 Purchase 1 004.019 PRE 000004568 15/07/2025 340.00 Book - Borrowing